| 000 | 01098nam a2200205Ii 4500 | ||
|---|---|---|---|
| 003 | JO-AjNU | ||
| 008 | 230605s9999||||xx |||||||||||||| ||und|| | ||
| 017 | _a2004/6/1364 | ||
| 040 |
_aJO-AjNU _bara _erda _cJO-AjNU |
||
| 041 | _aara | ||
| 050 | 1 | 4 | _aPJ8062.A2822 2004 |
| 100 | 3 |
_aأبوسالم،إيناس محمود عبدالله, _eauthor _924609 |
|
| 245 | 0 | 0 | _aإتجاهات القصة القصيرة في الأردن من خلال الملحق الثقافي الأسبوعي لجريدة الرأي في التسعينات: دراسة نقدية |
| 264 | 3 | 1 | _aإربد: دار الكندي للنشر والتوزيع، 2004 |
| 300 |
_a287ص _bالمصادر والمراجع ص232-246 ؛ ببلوغرافيا القصة القصيرة في الاردن من خلال الملحق الثقافي الاسبوعي لجريدة الرأي في عقد التسعينات ص247-287 |
||
| 336 |
_atext _btxt _2rdacontent |
||
| 337 |
_aunmediated _bn _2rdamedia |
||
| 338 |
_avolume _bnc _2rdacarrier |
||
| 650 | 4 |
_aالأدب العربي - قصص - تحليل ونقد - الأردن _924610 |
|
| 999 |
_aA9089 _c12657 _d12657 |
||